[Event "AUTO-MASTER-235"]
[Site "http://www.queenalice.com/game.php?id=137334"]
[Date "2006.12.5"]
[Round "1"]
[White "TainanTomaz"]
[Black "Pato"]
[Result "0-1"]
[WhiteElo "1925"]
[BlackElo "2039"]

1. c4 Nf6 2. Nc3 d5 3. cxd5 Nxd5 4. g3 c6 5. Bg2 g6 6. Nf3 Bg7 7. O-O O-O 8. a3
e5 9. d3 h6 10. Qc2 Be6 11. Bd2 Na6 12. Rac1 Qe7 13. Rfd1 Rac8 14. e3 f5 15.
Nxd5 cxd5 16. Qa4 Kh7 17. e4 Rxc1 18. Rxc1 Nc5 19. Qb4 b6 20. Qb5 dxe4 21. dxe4
fxe4 22. Ne1 Qf7 23. Qe2 Nb3 24. Rc6 Nd4 0-1

[Event "AUTO-MASTER-235"]
[Site "http://www.queenalice.com/game.php?id=137347"]
[Date "2006.12.5"]
[Round "1"]
[White "TainanTomaz"]
[Black "TheAlchemist"]
[Result "0-1"]
[WhiteElo "1938"]
[BlackElo "2008"]

1. c4 f5 2. Nc3 Nf6 3. d4 e6 4. g3 Be7 5. Bg2 O-O 6. Nf3 d6 7. O-O Nbd7 8. Bg5
h6 9. Bxf6 Nxf6 10. Re1 c6 11. e4 fxe4 12. Nxe4 Nxe4 13. Rxe4 d5 14. cxd5 exd5
15. Re3 Bf5 16. Qb3 Qd7 17. Ne5 Qc7 18. Qc3 Bd6 19. Rae1 a5 20. a3 Rac8 21. f4
Kh7 22. Rc1 Qb6 23. Qd2 c5 24. dxc5 Bxc5 0-1

[Event "AUTO-MASTER-235"]
[Site "http://www.queenalice.com/game.php?id=137348"]
[Date "2006.12.5"]
[Round "1"]
[White "TheAlchemist"]
[Black "TainanTomaz"]
[Result "1-0"]
[WhiteElo "1978"]
[BlackElo "1891"]

1. e4 e6 2. d3 d5 3. Nd2 c5 4. Ngf3 g6 5. g3 Bg7 6. Bg2 Ne7 7. Qe2 Nbc6 8. O-O
O-O 9. e5 b6 10. c3 Qc7 11. Re1 Ba6 12. Nf1 Rfe8 13. Bf4 Rad8 14. h4 c4 15. d4
b5 16. N1h2 b4 17. Ng4 Qa5 18. Qd2 Rb8 19. Nf6+ Kh8 20. Ng5 Bxf6 21. exf6 Kg8
22. Bxb8 Rxb8 23. fxe7 1-0

[Event "AUTO-MASTER-235"]
[Site "http://www.queenalice.com/game.php?id=137349"]
[Date "2006.12.5"]
[Round "1"]
[White "TainanTomaz"]
[Black "rom_banane"]
[Result "0-1"]
[WhiteElo "1914"]
[BlackElo "2013"]

1. c4 e5 2. Nc3 Nf6 3. Nf3 Nc6 4. g3 Bc5 5. Bg2 O-O 6. O-O d6 7. d3 h6 8. a3 Nd4
9. b4 Nxf3+ 10. Bxf3 Bd4 11. Bb2 Bh3 12. Bg2 Qd7 13. Re1 Bxf2+ 14. Kxf2 Ng4+ 15.
Kg1 Bxg2 16. e4 Bh3 17. Qf3 f5 18. exf5 Qxf5 19. Qd5+ Kh8 20. Nd1 Qf1+ 0-1

[Event "AUTO-MASTER-235"]
[Site "http://www.queenalice.com/game.php?id=137350"]
[Date "2006.12.5"]
[Round "1"]
[White "rom_banane"]
[Black "TainanTomaz"]
[Result "1-0"]
[WhiteElo "2025"]
[BlackElo "1902"]

1. Nf3 Nf6 2. c4 c5 3. Nc3 d5 4. cxd5 Nxd5 5. e4 Nb4 6. Bb5+ N8c6 7. O-O g6 8.
a3 Nd3 9. Na4 Bd7 10. Bxd3 e6 11. Bb5 Bd6 12. Bxc6 Bxc6 13. e5 Be7 14. d4 cxd4
15. Nxd4 Qa5 16. Nxc6 bxc6 17. Be3 Qxe5 18. Bd4 1-0

[Event "AUTO-MASTER-238"]
[Site "http://www.queenalice.com/game.php?id=140378"]
[Date "2006.12.12"]
[Round "1"]
[White "Markus1234567"]
[Black "TainanTomaz"]
[Result "1-0"]
[WhiteElo "1870"]
[BlackElo "1785"]

1. e4 c6 2. d4 d5 3. e5 Bf5 4. c4 e6 5. c5 b6 6. b4 a5 7. Qa4 Qc7 8. Bd2 b5 9.
Qa3 a4 10. Qg3 Ne7 11. Bd3 Bxd3 12. Qxd3 Nd7 13. Bf4 Ng6 14. Bg3 Be7 15. Nf3
O-O-O 16. O-O Kb7 17. Nc3 Rb8 18. Nd2 h5 19. f4 h4 20. Be1 Rbg8 21. h3 Ngf8 22.
Nf3 Qd8 23. Qe3 Qe8 24. Qd3 Nb8 25. Ng5 1-0

[Event "AUTO-MASTER-238"]
[Site "http://www.queenalice.com/game.php?id=140379"]
[Date "2006.12.12"]
[Round "1"]
[White "TainanTomaz"]
[Black "Markus1234567"]
[Result "0-1"]
[WhiteElo "1853"]
[BlackElo "1858"]

1. c4 e5 2. Nc3 Bc5 3. g3 Qf6 4. e3 c6 5. Bg2 d6 6. Nge2 Ne7 7. O-O a6 8. d4
exd4 9. exd4 Ba7 10. Re1 O-O 11. Be3 Nf5 12. Be4 Be6 13. Bf4 Bxc4 14. d5 Bc5 15.
dxc6 Nxc6 16. Bxc6 bxc6 17. b3 Bb5 18. Ne4 Qg6 19. Nxc5 dxc5 20. Qc2 Nh4 21.
Qxg6 Nf3+ 22. Kf1 fxg6 23. Bd6 Rf6 0-1

[Event "AUTO-MASTER-238"]
[Site "http://www.queenalice.com/game.php?id=140390"]
[Date "2006.12.12"]
[Round "1"]
[White "sbirulino"]
[Black "TainanTomaz"]
[Result "1-0"]
[WhiteElo "2027"]
[BlackElo "1826"]

1. e4 c6 2. d4 d5 3. Nd2 dxe4 4. Nxe4 Bf5 5. Ng3 Bg6 6. h4 h6 7. c3 Qc7 8. N1e2
e6 9. Nf4 Bh7 10. Bd3 Bxd3 11. Nxd3 Bd6 12. Ne4 Nf6 13. Nxf6+ gxf6 14. Qh5 Nd7
15. Rh3 f5 16. Bg5 1-0

[Event "AUTO-MASTER-238"]
[Site "http://www.queenalice.com/game.php?id=140391"]
[Date "2006.12.12"]
[Round "1"]
[White "TainanTomaz"]
[Black "sbirulino"]
[Result "0-1"]
[WhiteElo "1835"]
[BlackElo "2018"]

1. c4 e5 2. Nc3 Nf6 3. Nf3 Nc6 4. d3 g6 5. g3 Bg7 6. Bg2 O-O 7. Bg5 h6 8. Bxf6
Bxf6 9. O-O d6 10. Nd5 e4 11. Nd2 exd3 12. Ne4 Bxb2 13. Rb1 dxe2 14. Qxe2 Bg7
15. Rfd1 Nd4 0-1

[Event "AUTO-MASTER-238"]
[Site "http://www.queenalice.com/game.php?id=140398"]
[Date "2006.12.12"]
[Round "1"]
[White "TainanTomaz"]
[Black "amed66"]
[Result "0-1"]
[WhiteElo "1859"]
[BlackElo "2108"]

1. c4 Nf6 2. Nc3 e6 3. d4 Bb4 4. Nf3 c5 5. d5 Bxc3+ 6. bxc3 Qa5 7. Qd3 exd5 8.
cxd5 Nxd5 9. Bb2 Ne7 10. g3 d5 11. Bg2 Nbc6 12. O-O Bf5 13. Qd2 O-O 14. Rfe1
Rad8 15. e3 f6 16. Red1 Be4 17. a3 Qa4 18. Rac1 Na5 0-1

[Event "AUTO-MASTER-238"]
[Site "http://www.queenalice.com/game.php?id=140399"]
[Date "2006.12.12"]
[Round "1"]
[White "amed66"]
[Black "TainanTomaz"]
[Result "1-0"]
[WhiteElo "2175"]
[BlackElo "1837"]

1. e4 c6 2. d4 d5 3. e5 Bf5 4. Nc3 e6 5. g4 Bg6 6. Nge2 c5 7. Nf4 Nc6 8. Nxg6
hxg6 9. Bb5 Qb6 10. Be3 a6 11. Bxc6+ Qxc6 12. O-O Qc7 13. f4 Ne7 14. dxc5 Nc8
15. Qd4 Na7 16. Qa4+ Nc6 17. g5 Be7 18. b4 Rh3 19. Nd1 Kd7 20. b5 Bxg5 21. bxc6+
bxc6 22. fxg5 Qxe5 23. Rxf7+ Kd8 24. Qxc6 1-0

[Event "AUTO-MASTER-239"]
[Site "http://www.queenalice.com/game.php?id=141720"]
[Date "2006.12.14"]
[Round "1"]
[White "Tads21"]
[Black "TainanTomaz"]
[Result "1-0"]
[WhiteElo "2149"]
[BlackElo "1818"]

1. e4 c6 2. d4 d5 3. Nc3 dxe4 4. Nxe4 Bf5 5. Ng3 Bg6 6. h4 h6 7. Nf3 Nd7 8. h5
Bh7 9. Bd3 Bxd3 10. Qxd3 Qc7 11. Ne2 e6 12. Bf4 Bd6 13. g3 Ngf6 14. O-O-O 1-0

[Event "AUTO-MASTER-239"]
[Site "http://www.queenalice.com/game.php?id=141721"]
[Date "2006.12.14"]
[Round "1"]
[White "TainanTomaz"]
[Black "Tads21"]
[Result "0-1"]
[WhiteElo "1815"]
[BlackElo "2155"]

1. c4 Nf6 2. Nc3 e5 3. g3 Bb4 4. Bg2 O-O 5. d3 d5 6. cxd5 Nxd5 7. Bd2 Be6 8. Nf3
Nc6 9. O-O Nxc3 10. Bxc3 Bxc3 11. bxc3 f6 12. Qa4 Rb8 13. Rab1 a6 0-1

[Event "AUTO-MASTER-239"]
[Site "http://www.queenalice.com/game.php?id=141732"]
[Date "2006.12.14"]
[Round "1"]
[White "ENDHER"]
[Black "TainanTomaz"]
[Result "1-0"]
[WhiteElo "2237"]
[BlackElo "1813"]

1. d4 Nf6 2. c4 e6 3. Nc3 c5 4. d5 exd5 5. cxd5 d6 6. e4 g6 7. Nf3 Bg7 8. Bc4
O-O 9. O-O a6 10. a4 Re8 11. Re1 Bg4 12. h3 Bxf3 13. Qxf3 Nbd7 14. Qd1 Ne5 15.
Bf1 Qb6 16. a5 Qc7 17. f4 Ned7 18. Ra4 Qc8 19. Bd3 b5 20. axb6 1-0

[Event "AUTO-MASTER-239"]
[Site "http://www.queenalice.com/game.php?id=141733"]
[Date "2006.12.14"]
[Round "1"]
[White "TainanTomaz"]
[Black "ENDHER"]
[Result "0-1"]
[WhiteElo "1861"]
[BlackElo "2220"]

1. c4 e5 2. Nc3 Nf6 3. g3 d5 4. cxd5 Nxd5 5. Bg2 Nxc3 6. dxc3 Qxd1+ 7. Kxd1 Bc5
8. e3 O-O 9. Bd2 Nd7 10. Ne2 Nf6 11. Kc1 Rd8 12. Rd1 Ng4 13. Be1 Bxe3+ 0-1